ბათუმის შოთა რუსთაველის სახელმწიფო უნივერსიტეტის ბიბლიოთეკა

My Secret Unicorn.Dreams Come True (ბიბ.ჩანაწერი № 47607)

000 -LEADER
fixed length control field 00508nam a2200217Ia 4500
001 - CONTROL NUMBER
control field 14476
003 - CONTROL NUMBER IDENTIFIER
control field GE_BSU
008 - FIXED-LENGTH DATA ELEMENTS--GENERAL INFORMATION
fixed length control field 181216s||||||||xx |||||||||||||| ||und||
020 ## - INTERNATIONAL STANDARD BOOK NUMBER
International Standard Book Number 0141313420
040 ## - CATALOGING SOURCE
Transcribing agency GE_BSU
080 ## - UNIVERSAL DECIMAL CLASSIFICATION NUMBER
Universal Decimal Classification number 82-93
100 ## - MAIN ENTRY--PERSONAL NAME
Personal name Chapman,Linda
245 ## - TITLE STATEMENT
Title My Secret Unicorn.Dreams Come True
245 ## - TITLE STATEMENT
Statement of responsibility, etc. Illustrated by Biz Hull
260 ## - PUBLICATION, DISTRIBUTION, ETC.
Place of publication, distribution, etc. London
260 ## - PUBLICATION, DISTRIBUTION, ETC.
Name of publisher, distributor, etc. Puffin books
260 ## - PUBLICATION, DISTRIBUTION, ETC.
Date of publication, distribution, etc. 2002
300 ## - PHYSICAL DESCRIPTION
Extent 119p.20cm.
653 ## - INDEX TERM--UNCONTROLLED
Uncontrolled term My Secret Unicorn.Dreams Come True
942 ## - ADDED ENTRY ELEMENTS (KOHA)
Koha item type წიგნი
ეგზემპლარები
Withdrawn status Lost status Damaged status Not for loan Date acquired Barcode Date last seen Price effective from Koha item type
        2018-12-17 37448 2018-12-17 2018-12-17 წიგნი